The Best of Isaac Asimov 1954-1972 (Record no. 26800)

MARC details
000 -LEADER
fixed length control field 00270nam a2200109Ia 4500
082 ## - DEWEY DECIMAL CLASSIFICATION NUMBER
Classification number 82-3
Item number WEL
100 ## - MAIN ENTRY--AUTHOR NAME
Personal name Angus
245 #4 - TITLE STATEMENT
Title The Best of Isaac Asimov 1954-1972
260 ## - PUBLICATION, DISTRIBUTION, ETC. (IMPRINT)
Place of publication Great Britain
Name of publisher Sphere
Year of publication 1977
942 ## - ADDED ENTRY ELEMENTS (KOHA)
Koha item type Books
Holdings
Withdrawn status Lost status Damaged status Not for loan Home library Current library Date acquired Cost, normal purchase price Full call number Accession Number Koha item type
        RRII Library RRII Library 16/12/2021 65.00 82-3 WEL 07431 Books